Online
Catalog

Sistemas de crédito para pequeños agricultores : (Record no. 25619)

MARC details
000 -CABECERA
campo de control de longitud fija 00957nam a2200229 a 4500
001 - NÚMERO DE CONTROL
campo de control 000026127
005 - FECHA Y HORA DE LA ÚLTIMA TRANSACCIÓN
campo de control 20250306110006.0
008 - DATOS DE LONGITUD FIJA--INFORMACIÓN GENERAL
campo de control de longitud fija 110301s1974 mx r 000 0 spa d
040 ## - FUENTE DE LA CATALOGACIÓN
Centro catalogador/agencia de origen DO-SdBNP
Lengua de catalogación spa
Centro/agencia transcriptor BNPHU
041 17 - CÓDIGO DE LENGUA
Código de lengua del texto/banda sonora o título independiente spa
Código de lengua original eng
Fuente del código Código de idiomas MARC
082 ## - NÚMERO DE LA CLASIFICACIÓN DECIMAL DEWEY
Número de clasificación 332.71
Número de documento/Ítem W721s
049 ## - FONDOS LOCALES (OCLC)
Fondos de biblioteca BNGR
100 1# - ENTRADA PRINCIPAL--NOMBRE DE PERSONA
Nombre de persona Williams, Simon.
9 (RLIN) 53091
240 10 - TÍTULO UNIFORME
Título uniforme Credit systems for small-scale farmers.
Lenguaje de la obra Español
245 10 - MENCIÓN DE TÍTULO
Título Sistemas de crédito para pequeños agricultores :
Resto del título historías de casos de México /
Mención de responsabilidad, etc. Simon Williams y James A. Miller ; traducción de José Meza Nieto.
260 ## - PUBLICACIÓN, DISTRIBUCIÓN, ETC.
Lugar de publicación, distribución, etc. México, D. F. :
Nombre del editor, distribuidor, etc. Centro Regional de Ayuda Técnica. Agencia para el Desarrollo Internacional ;
-- Diana,
Fecha de publicación, distribución, etc. 1974.
300 ## - DESCRIPCIÓN FÍSICA
Extensión 696 p. ;
Dimensiones 23 cm.
534 ## - NOTA SOBRE LA VERSIÓN ORIGINAL
Encabezamiento principal del original Título original :
Mención de título del original Credit systems for small-scale farmers
650 #0 - PUNTO DE ACCESO ADICIONAL DE MATERIA--TÉRMINO DE MATERIA
Término de materia o nombre geográfico como elemento de entrada Crédito agrícola
9 (RLIN) 27394
650 #0 - PUNTO DE ACCESO ADICIONAL DE MATERIA--TÉRMINO DE MATERIA
Término de materia o nombre geográfico como elemento de entrada Agricultura -
Subdivisión general Aspectos económicos
9 (RLIN) 30596
700 1# - PUNTO DE ACCESO ADICIONAL--NOMBRE DE PERSONA
Nombre de persona Meza Nieto, José,
Término indicativo de función/relación tr.
9 (RLIN) 45365
Holdings
Estado de retiro Estado de pérdida Restricciones de uso No para préstamo Código de colección Localización permanente Ubicación/localización actual Ubicación en estantería Fecha de adquisición Número de inventario Total de préstamos Signatura topográfica completa Código de barras Fecha visto por última vez Precio válido a partir de Tipo de ítem Koha
        Monografías: Libros y Folletos General General En catalogación 01.03.2011 LF1   332.71 W721s 26127-10 25.06.2020 25.06.2020 Préstamo en sala

Powered by Koha